Statistics for Most Populous Cities as a Percent of Their Continent

Click here to take the quiz!

General Stats

  • This quiz has been taken 17,795 times
    (4,572 since last reset)
  • The average score is 26 of 35

Answer Stats

% City % Correct
12.4%Sydney
96%
3.73%New York City
95%
1.98%London
95%
1.52%Paris
92%
2.99%Los Angeles
91%
2.31%Moscow
89%
3.06%Rio de Janeiro
88%
11.7%Melbourne
88%
3.88%Mexico City
87%
5.20%São Paulo
82%
3.81%Buenos Aires
82%
1.57%Cairo
81%
4.86%Perth
81%
1.65%Chicago
81%
2.34%Lima
76%
3.30%Auckland
75%
2.23%Bogotá
75%
1.45%Lagos
74%
1.02%Wellington
72%
1.26%Toronto
72%
1.14%Houston
71%
7.38%Brisbane / Gold Coast
70%
1.68%Santiago
70%
1.22%Dallas
68%
2.14%Istanbul
67%
1.04%Johannesburg
66%
1.33%San Francisco
66%
1.08%Miami
65%
1.44%Washington, D.C.
63%
3.14%Adelaide
62%
1.31%Boston
58%
1.01%Guangzhou
55%
1.24%Philadelphia
53%
1.16%Belo Horizonte
37%
2.34%Honolulu
10%

Score Distribution

Percentile by Number Answered

Percent of People with Each Score

Your Score History

You have not taken this quiz since the last reset